000 00672nam a2200265 a 4500
001 nice12345678
003 IN_TiNIC
005 20260116013038.0
008 050524s1988 newa grp 000 0 eng
020 _a0025205
_c575
082 0 0 _a291.09
_bWAC
100 _aWach, Joachim
245 _aEssays in the History of Religions.
260 _aNew York
_bFree Press
_c1988
300 _a202p
500 _aincludes index and biblioraphy
505 2 _aIndex
650 _aReligion and Sociology
650 _aReligion-Historiography
700 1 _aKitagawa, Joseph M
700 1 _aAlles, Gregory D
902 _bSRS
942 _cBK
999 _c9413
_d9413